000 00545nam a2200217Ia 4500
005 20250718145500.0
008 008 250715s9999 xx 000 0 eng d
020 _a9788119403721 (Pbk)
037 _aTextual
040 _aFLL
_cFLL
041 _aeng
_2eng
084 _aV2;2:Z, R4
_qFLL
100 _aBASU D.D
245 0 _aIntroduction to the Constitution of India
250 _a27th.
260 _bHaryana Lexis Nexis India
_c2024
300 _alvi,627 ill
365 _b675
942 _cTEXL
999 _c1433830
_d1433830